00385nam a2200133Ia 4500008004100000100002000041245002700061250000800088260004500096300000800141942000700149999001700156952007800173210107s9999 xx 000 0 und d aNelkon, Michael 0aAdvanced level Physics a7th aNew DelhibCBS Publishers & Distributors a927 cBK c11123d11123 00104070aCLd2021-01-07o530 N419pPM06896r2021-01-07w2021-01-07yBK